| 000 | 00383nam a2200157Ia 4500 | ||
|---|---|---|---|
| 008 | 221030s9999 xx 000 0 und d | ||
| 020 | _a8126140497 | ||
| 041 | _aEnglish | ||
| 082 | _a105.23 | ||
| 100 | _aV. K. Bhalla | ||
| 245 | 0 | _aInternational Business Environment & Management | |
| 250 | _a12th | ||
| 260 |
_bAnmol Pub _aNew Delhi _c2009 |
||
| 650 | _aManagement | ||
| 942 | _cBK | ||
| 999 |
_c2614 _d2614 |
||